Philologia časopis Ústavu filologických štúdií Pedagogickej fakulty Univerzity Komenského v Bratislave
| Previous Title: | Zborník Pedagogickej fakulty Univerzity Komenského. Philologia |
|---|---|
| Other Authors: | , , |
| Format: | Journal |
| Language: | Slovak French English |
| Published: |
Bratislava
Univerzita Komenského vo Vydavateľstve UK
2012-
|
| ISSN: | 1339-2026 |
| Subjects: | |
| Online Access: | https://www.fedu.uniba.sk/sucasti/ustavy/ustav-filologickych-studii/casopis-philologia/ |
MARC
| LEADER | 00000cas a2200000 a 4500 | ||
|---|---|---|---|
| 001 | vtls010495792 | ||
| 003 | SK-MaSNL | ||
| 005 | 20260228162002.0 | ||
| 008 | 130307c20129999xo fr p 0 0slo | ||
| 022 | |a 1339-2026 |y 1336-3786 | ||
| 040 | |a SAVUK |b slo |c SAVUK |d SNK |e AACR2 | ||
| 041 | 0 | |a slo |a fre |a eng |b eng |b fre |b slo | |
| 044 | |a xo |c SK | ||
| 072 | 7 | |a 80 |x Filológia |2 konspekt | |
| 080 | |a 80 |2 2011 | ||
| 080 | |a 82.0 |2 2011 | ||
| 080 | |a 37.02 |2 2011 | ||
| 080 | |a 001(051) |2 2011 | ||
| 080 | |a 050 |2 2011 | ||
| 245 | 0 | 0 | |a Philologia |b časopis Ústavu filologických štúdií Pedagogickej fakulty Univerzity Komenského v Bratislave |
| 246 | 1 | 4 | |a Universitas Comeniana. Philologia |
| 260 | |a Bratislava |b Univerzita Komenského vo Vydavateľstve UK |c 2012- | ||
| 310 | |a 2x ročne | ||
| 362 | |a Vol. 22, no. 1-2 (2012)- | ||
| 500 | |a V prvom dvojčísle 1-2/ 2012 uvedené nesprávne ISSN 1336-3786, ktoré je pridelené časopisu: Studia orientalia Slovaca | ||
| 500 | |a Hlavný red.: 1/2012-1/2015, Anna Butašová ; 2/2015-2018, Roman Mikuláš ; 2019- , Renáta Bojničanová | ||
| 500 | |a Niektoré čísla vychádzajú ako dvojčíslo | ||
| 504 | |a Bibliogr. odkazy ; bibliogr. ; príl. tabuľky | ||
| 546 | |a Text slov., franc., angl. ; res. angl., franc., slov. | ||
| 650 | 0 | |a filológia |2 SNKPH |9 861 | |
| 650 | 0 | 7 | |a literárna veda |2 SNKPH |9 1137 |
| 650 | 0 | 7 | |a didaktika |2 SNKPH |9 3484 |
| 650 | 0 | 7 | |a Philology |2 SNKPHeng |9 265714 |
| 650 | 0 | 7 | |a Literary studies |2 SNKPHeng |9 265625 |
| 650 | 0 | 7 | |a Didactics |2 SNKPHeng |9 266044 |
| 655 | 7 | |a vedecké časopisy |2 SNKPH |9 70520 | |
| 655 | 7 | |a Scientific journals |2 SNKPHeng |9 265227 | |
| 700 | 1 | |a Butašová, Anna, |d 1955-2021 |4 pbd |9 242065 | |
| 700 | 1 | |a Mikuláš, Roman, |d 1973- |4 pbd |9 23390 | |
| 700 | 1 | |a Bojničanová, Renáta |4 pbd |9 270143 | |
| 710 | 2 | |a Univerzita Komenského v Bratislave. |b Pedagogická fakulta. |b Ústav filologických štúdií |4 pbl |9 180836 | |
| 780 | 0 | 0 | |t Zborník Pedagogickej fakulty Univerzity Komenského. Philologia |w vtls001474441 |
| 852 | |a Štátna vedecká knižnica v Banskej Bystrici | ||
| 856 | 4 | 1 | |u https://www.fedu.uniba.sk/sucasti/ustavy/ustav-filologickych-studii/casopis-philologia/ |
| 910 | |a snk | ||
| 910 | |a savuk | ||
| 916 | |a 2012-2016, 2017-2018, 2019 | ||
| 999 | |c 6340 |d 8270 | ||
| 952 | |t č. 1-2 |a SNK |b SNK |y PREZ |7 0 |p 17A1434136 |o snkČSC 3806/29/2019 |i snk2021/5829 |8 0 |f 1 |0 0 |1 0 |4 0 |d 2021-05-27 |l 0 |r 2026-02-21 19:29:22 |w 2026-02-21 | ||
| 952 | |t č. 1-2 |a SNK |b SNK |y PREZ |7 0 |p 17A1462196 |o snkČSC 3806/29/2019 D1 |i snk2022/3678 |8 0 |0 0 |1 0 |4 0 |d 2022-03-09 |l 0 |r 2026-02-21 19:59:19 |w 2026-02-21 | ||
| 952 | |t č. 1-2, neúplné |a SNK |b SNK |y PREZ |7 0 |p 17A1558305 |o snkČSC 3806/30/2020 D1 |i snk2025/17266 |8 0 |z Chýba č. 1 |0 0 |1 0 |4 0 |d 2025-10-28 |l 0 |r 2026-02-21 20:03:28 |w 2026-02-21 | ||
| 952 | |t č. 1-2 |a SNK |b SNK |c SNK_KF |y PREZ |7 8 |p 17A1558306 |o snkČSC 3806/31/2021 |i snk2025/17268 |8 0 |0 0 |1 0 |4 0 |d 2025-10-28 |l 0 |r 2026-02-21 20:03:28 |w 2026-02-21 | ||
| 952 | |t č. 1-2 |a SNK |b SNK |c SNK_KF |y PREZ |7 8 |p 17A1558307 |o snkČSC 3806/32/2022 |i snk2025/17270 |8 0 |0 0 |1 0 |4 0 |d 2025-10-28 |l 0 |r 2026-02-21 20:03:28 |w 2026-02-21 | ||
| 952 | |t č. 1-2 |a SNK |b SNK |c SNK_KF |y PREZ |7 8 |p 17A1558308 |o snkČSC 3806/33/2023 |i snk2025/17271 |8 0 |0 0 |1 0 |4 0 |d 2025-10-28 |l 0 |r 2026-02-21 20:03:28 |w 2026-02-21 | ||
| 952 | |t č. 1-2 |a SNK |b SNK |c SNK_KF |y PREZ |7 8 |p 17A1558309 |o snkČSC 3806/34/2024 |i snk2025/17272 |8 0 |0 0 |1 0 |4 0 |d 2025-10-28 |l 0 |r 2026-02-21 20:03:28 |w 2026-02-21 | ||
| 952 | |t č. 1-2, neúplné |a SNK |b SNK |y PREZ |7 0 |p 17A1465224 |o snkČSC 3806/30/2020 |i snk2023/1484 |8 0 |z Chýba č. 1 |0 0 |1 0 |4 0 |d 2023-01-25 |l 0 |r 2026-02-21 20:12:13 |w 2026-02-21 | ||
| 952 | |t č. 1-2 |a SNK |b SNK |y PREZ |7 0 |p 17A1268114 |o snkČSC 3806/22/2012 |i snk2018/6328 |8 0 |f 1 |0 0 |1 0 |4 0 |d 2018-03-14 |l 0 |r 2026-02-21 21:50:00 |w 2026-02-21 | ||
| 952 | |t č. 1-2 |a SNK |b SNK |y PREZ |7 0 |p 17A1268113 |o snkČSC 3806/22/2012 D1 |i snk2018/6333 |8 0 |0 0 |1 0 |4 0 |d 2018-03-14 |l 0 |r 2026-02-21 21:50:01 |w 2026-02-21 | ||
| 952 | |t č. 1-2 |a SNK |b SNK |y PREZ |7 0 |p 17A1268112 |o snkČSC 3806/23/2013 |i snk2018/6335 |8 0 |f 1 |0 0 |1 0 |4 0 |d 2018-03-14 |l 0 |r 2026-02-21 21:50:01 |w 2026-02-21 | ||
| 952 | |t č. 1-2 |a SNK |b SNK |y PREZ |7 0 |p 17A1343295 |o snkČSC 3806/23/2013 D1 |i snk2018/6339 |8 0 |0 0 |1 0 |4 0 |d 2018-03-14 |l 0 |r 2026-02-21 21:50:01 |w 2026-02-21 | ||
| 952 | |t č. 1-2 |a SNK |b SNK |y PREZ |7 0 |p 17A1268110 |o snkČSC 3806/24/2014 |i snk2018/6341 |8 0 |f 1 |0 0 |1 0 |4 0 |d 2018-03-14 |l 0 |r 2026-02-21 21:50:01 |w 2026-02-21 | ||
| 952 | |t č. 1-2 |a SNK |b SNK |y PREZ |7 0 |p 17A1268109 |o snkČSC 3806/24/2014 D1 |i snk2018/6343 |8 0 |0 0 |1 0 |4 0 |d 2018-03-14 |l 0 |r 2026-02-21 21:50:01 |w 2026-02-21 | ||
| 952 | |t č. 1-2 |a SNK |b SNK |y PREZ |7 0 |p 17A1268108 |o snkČSC 3806/25/2015 |i snk2018/6344 |8 0 |f 1 |0 0 |1 0 |4 0 |d 2018-03-14 |l 0 |r 2026-02-21 21:50:01 |w 2026-02-21 | ||
| 952 | |t č. 1-2 |a SNK |b SNK |y PREZ |7 0 |p 17A1268106 |o snkČSC 3806/26/2016 |i snk2018/6349 |8 0 |f 1 |0 0 |1 0 |4 0 |d 2018-03-14 |l 0 |r 2026-02-21 21:50:01 |w 2026-02-21 | ||
| 952 | |t č. 1-2 |a SNK |b SNK |y PREZ |7 0 |p 17A1268105 |o snkČSC 3806/26/2016 D1 |i snk2018/6350 |8 0 |0 0 |1 0 |4 0 |d 2018-03-14 |l 0 |r 2026-02-21 21:50:01 |w 2026-02-21 | ||
| 952 | |t č. 1-2 |a SNK |b SNK |y PREZ |7 0 |p 17A1268107 |o snkČSC 3806/25/2015 D1 |i snk2018/6348 |8 0 |0 0 |1 0 |4 0 |d 2018-03-14 |l 0 |r 2026-02-21 21:53:28 |w 2026-02-21 | ||
| 952 | |t č. 1-2 |a SNK |b SNK |y PREZ |7 0 |p 17A1385735 |o snkČSC 3806/27/2017 |i snk2020/1545 |8 0 |f 1 |0 0 |1 0 |4 0 |d 2020-01-24 |l 0 |r 2026-02-21 22:22:43 |w 2026-02-21 | ||
| 952 | |t č. 1-2 |a SNK |b SNK |y PREZ |7 0 |p 17A1385734 |o snkČSC 3806/27/2017 D1 |i snk2020/1549 |8 0 |0 0 |1 0 |4 0 |d 2020-01-24 |l 0 |r 2026-02-21 22:22:44 |w 2026-02-21 | ||
| 952 | |t č. 1-2 |a SNK |b SNK |y PREZ |7 0 |p 17A1385733 |o snkČSC 3806/28/2018 |i snk2020/1551 |8 0 |f 1 |0 0 |1 0 |4 0 |d 2020-01-24 |l 0 |r 2026-02-21 22:22:44 |w 2026-02-21 | ||
| 952 | |t č. 1-2 |a SNK |b SNK |y PREZ |7 0 |p 17A1385732 |o snkČSC 3806/28/2018 D1 |i snk2020/1552 |8 0 |0 0 |1 0 |4 0 |d 2020-01-24 |l 0 |r 2026-02-21 22:22:44 |w 2026-02-21 | ||


